Снаряжение летчика и космонавта

Xehetasun bibliografikoak
Egile nagusia: Уманский С. П. Семен Петрович
Gaia:В книге даются сведения о защитных средствах (защитной одежде, противоперегрузочных костюмах, шлемах, кислородных системах, скафандрах) и другом снаряжении, которое уже применяется или будет применяться для обеспечения полетов в стратосфере и космосе
Hizkuntza:errusiera
Argitaratua: Москва, Воениздат, 1967
Gaiak:
Formatua: Liburua
KOHA link:https://koha.lib.tpu.ru/cgi-bin/koha/opac-detail.pl?biblionumber=193325

MARC

LEADER 00000nam0a2200000 4500
001 193325
005 20231031181845.0
035 |a (RuTPU)RU\TPU\book\210842 
090 |a 193325 
100 |a 20110322d1967 m y0rusy50 ca 
101 0 |a rus 
102 |a RU 
105 |a a z 001zy 
200 1 |a Снаряжение летчика и космонавта  |f С. П. Уманский 
210 |a Москва  |c Воениздат  |d 1967 
215 |a 192 с.  |c ил. 
320 |a Библиогр.: с. 190. 
330 |a В книге даются сведения о защитных средствах (защитной одежде, противоперегрузочных костюмах, шлемах, кислородных системах, скафандрах) и другом снаряжении, которое уже применяется или будет применяться для обеспечения полетов в стратосфере и космосе 
610 1 |a космонавтика 
610 1 |a снаряжение 
610 1 |a авиация 
675 |a 629.19  |v 3 
700 1 |a Уманский  |b С. П.  |g Семен Петрович 
801 1 |a RU  |b 63413507  |c 20110322 
801 2 |a RU  |b 63413507  |c 20110524  |g RCR 
942 |c BK